000 00818nam a2200265Ia 4500
005 20260121172758.0
008 008 260114s9999 xx 000 0 eng d
020 _a9783030882105
037 _aEBOOK
040 _aCRL
040 _beng
040 _cCRL
041 _2eng
041 _aeng
084 _qCRL
100 _aSandy Engelhardt, Ilkay Oksuz, Dajiang Zhu, Yixuan Yuan, Anirban Mukhopadhyay, Nicholas Heller, Sharon Xiaolei Huang, Hien Nguyen, Raphael Sznitman, Yuan Xue
_91092619
245 0 _aDeep Generative Models, and Data Augmentation, Labelling, and Imperfections
260 _bSpringer
260 _bSpringer
260 _c2021
856 _uhttps://link.springer.com/openurl?genre=book&isbn=978-3-030-88210-5
942 _cEBOOK
999 _c1658359
_d1658359